000 00519nam a2200181Ia 4500
005 20250326123628.0
008 250326s9999 xx 000 0 und d
037 _aTextbook
040 _aFMSL
_beng
_cFMSL
041 _aeng
_2eng
084 _aD658(B):(X:8) K9
_qFMSL
100 _aStevens W G R
_9735649
245 0 _aModular programming and management
_cStevens W G R
260 _aLondon
_bLondon, Pall Mall
_c1969
300 _a72p
942 _cTB
_hD658(B):(X:8) K9
999 _c1270230
_d1270230